00531cam a22001812 4500001001100000005001700011008004100028020001700069040001500086100003400101245003200135250005100167260003800218300001800256650003800274700003400312852000300346000002141220151217145937.0120425s xx 000 0 eng d a0421892101 : aKABUcKABU1 aArlidge, Anthony.@000018225210aArlidge and Parry on fraud. a3rd ed. /bJacques Parry with Anthony Arlidge. aLondon :bSweet & Maxwell,c2007. alxxxv, 736 p. 0aFraudzGreat Britain.@00001797101 a Parry, Jacques.@00001822531